LEADER 01125naa a2200253 u 4500 001 000000102313 003 CaOOAMICUS 005 20070226130211.0 008 060328s1995 it u000 u ita u 035 $a11083395 040 $aIAR$bita 041 0 $aita$bger 100 1 $aBerti, Enrico,$d1935-$0(OLS)http://pul/name/112 245 13$aIl concetto di amicizia in Aristotele /$cEnrico Berti. 260 $aMerano/Meran :$bIst.culturale italo-tedesco,$c[1995] 300 $aS. 102-135 ;$c25 cm 500 $adeutsche Zusammenfassung 500 $aIAR: FF-117.22 773 0 $aDer Begriff Freundschaft. 773 0 $aIl concetto di amicizia. 773 0 $aDeutsch-italienisches Kulturinstitut in Südtirol; Akten.$gXXII (1994) 773 0 $aAccademia di studi italo-tedeschi (Merano)$tIl concetto di amicizia nella storia della cultura europea = Atti del XXII convegno internazionale di italo-tedeschi. Merano, 9-11 maggio 1994$gXXII (1994)$w()25106 996 $6245$aIl concetto di amicizia in Aristotele$9(OLS)http://pul/title/129221 996 $6260$aMerano/Meran :$bIst.culturale italo-tedesco$9(OLS)http://pul/publisher/79184 LEADER 01802nam a2200361 a 4500 001 000000124317 003 CaOOAMICUS 005 20110211111838.0 008 110211s2010 it u000 u ita r 020 $a978-88-215-6872-5 040 $aPUL$bita 041 1 $aita$hrus 082 04$a195 100 1 $aErn, Vladimir Francevic,$d1882-1917.$0(OLS)http://pul/name/78498 245 10$aRosmini e la sua teoria della conoscenza :$bricerca sulla storia della filosofia italiana del XIX secolo : Mosca, 1914 /$cVladimir Francevic Ern ; a cura di Rosalia Azzaro Pulvirenti. 260 $aCinisello Balsamo :$bSan Paolo,$c2010. 300 $a517 p. ;$c21 cm. 490 1 $aClassici del pensiero cristiano ;$v18 500 $aSul v. del front.: traduzione dal russo di Laura Ferrari e Silvia Ciancio Malcotti. 504 $aBibliografia p. [513]-517. 600 14$aRosmini Serbati, Antonio,$cI.D.C.,$d1797-1855$xFilosofia.$0(OLS)http://pul/subject/5069 700 1 $aAzzaro Pulvirenti, Rosalia.$0(OLS)http://pul/name/13432 700 1 $aCiancio Malcotti, Silvia.$0(OLS)http://pul/name/78504 700 1 $aFerrari, Laura.$0(OLS)http://pul/name/78503 830 0$aClassici del pensiero cristiano ;$v18.$0(OLS)http://pul/title/69849 850 $aPUL 852 $aPUL$W1$xSL Filosofia 3$y81$m195 ERNVL 1$j143117$qDDC 21$B142151$CPULBib$Z2$F142151 $H115938 $82 941 1 $a9 996 $6020$a978-88-215-6872-5$9(OLS)http://pul/number/146337 996 $6082$a195$9(OLS)http://pul/classification/342 996 $6245$aRosmini e la sua teoria della conoscenza :$bricerca sulla storia della filosofia italiana del XIX secolo : Mosca, 1914$9(OLS)http://pul/title/156707 996 $6260$aCinisello Balsamo :$bSan Paolo$9(OLS)http://pul/publisher/54577